000 00696nam a2200241Ia 4500
003 OSt
005 20221006144732.0
006 a|||||r|||| 00| 0
007 ta
008 221006b |||||||| |||| 00| 0 eng d
020 _c
_15.00(each)
024 _a12,546
037 _cTextual
040 _aEASL
_cEASL
_beng
041 _2eng
_aeng
082 _aV41:191.M9, C7;2
100 _aMAYERS William Frederick e Ed.
_9652726
245 0 _aTreaties between the empire of China and foreign powers
260 _aTaipei
_bCheng wen Pub.
_c1877
300 _a225p.
_ccm.
942 _hV41:191.M9, C7;2
_cTEXL
_2CC
999 _c1080632
_d1080632